000 00228nam a2200097Ia 4500
008 240331s9999 xx 000 0 und d
082 _bROH
100 _aRohini, M
245 0 _aUrimai porattathil uyir neetha thiyagigal
942 _cL
999 _c2361
_d2361